Second 'R' Countries Quiz Stats

 Plays Quiz Updated Jul 6, 2018

Score 0/15 Timer 04:00
10 Plays Today
Country % Correct
France
84.9%
Argentina
78.3%
Brazil
76.7%
Croatia
73.4%
Iran
69.8%
Armenia
69.1%
Iraq
69%
Ireland
68.3%
Country % Correct
Greece
67.2%
Uruguay
63.1%
Eritrea
58.4%
Sri Lanka
53.3%
Trinidad and Tobago
48.8%
Grenada
48.2%
Brunei
46.6%

You're not logged in!

Compare scores with friends on all Sporcle quizzes.
OR
Log In

You Might Also Like...

Show Comments

Extras

Top Quizzes Today


Score Distribution

Your Account Isn't Verified!

In order to create a playlist on Sporcle, you need to verify the email address you used during registration. Go to your Sporcle Settings to finish the process.

Report this User

Report this user for behavior that violates our Community Guidelines.

Details: